| 000 | 00492nam a2200181Ka 4500 | ||
|---|---|---|---|
| 005 | 20250625125423.0 | ||
| 008 | 250625b ||||| |||| 00| 0 spa d | ||
| 020 | _a987-546-046-X | ||
| 082 | 1 | 4 |
_214 _a335 |
| 100 | 1 |
_aWeber, Max. _93600 |
|
| 245 | 1 | 3 |
_aEtica protestante / _cMax Weber |
| 260 |
_aBuenos Aires: _bLibertador, _c2004 |
||
| 300 | _a188 p. | ||
| 650 | 2 | 7 |
_aCAPITALISMO _9816 _2unescot |
| 650 | 2 | 7 |
_aETICA _9916 _2unescot |
| 650 | 2 | 7 |
_aSOCIOLOGIA _9693 _2unescot |
| 942 |
_2ddc _cLIBRO |
||
| 999 |
_c11013 _d11013 |
||
| 980 |
_619226 _a Palazón Marcela I. _819226 _g Palazón Marcela I. |
||